000 00341nam a2200157Ia 4500
003 OSt
005 20240101100218.0
008 170524s9999 xx 000 0 und d
020 _a9788126508334
040 _cIIMTU
100 _aPratt Timothy
245 0 _aSATELLITE COMMUNICATIONS
260 _bWiley
260 _c2011
942 _2ddc
_c02
999 _c6018
_d6018